000 00477nam a22001577a 4500
999 _c9280
_d9280
008 210401b ||||| |||| 00| 0 eng d
040 _aBMS College of Architecture
100 _aSrivatsa, Shreyas
245 _aMuseum of contemporary art Bangalore
300 _a24p.
500 _a1BM00AT030
502 _8B.Arch
_NBMS College of Architecture, Visvesvaraya Technological University
_aProject report
_d2005
650 _aMuseum
700 _aS Rajan
_eGuide
942 _2ddc
_cTHE